000 01841nam a2200217 4500
005 20250328151337.0
008 250328b |||||||| |||| 00| 0 eng d
020 _a9781032849997
037 _cTextual
040 _aRTL
_cRTL
084 _aYxN22:g R5
_qRTL
100 _aShalin, Dmitri N.
_9751598
245 _aErving Manuel Goffman: biographical sources of sociological imagination
260 _aNew York and London
_bRoutledge
_c2025
300 _a429p.
_bIncludes appendix, bibliography, references and index
520 _aErving Goffman is the most cited American sociologist. There is no shortage of studies exploring Goffman’s scholarship but no extant biography of Erving Goffman. The chief reason is that a man who looked behind the facades people erect to protect their private selves, zealously guarded his own backstage. This book is the first comprehensive biography of Goffman, an intellectual of Russian-Jewish descent, who turned the “Potemkin village” trope into a powerful research program. The present study shows how key turns in Goffman’s career reflected dramatic events in his family and personal history. It is based on the materials gathered in the Erving Goffman Archives, a repository curated by the author who has been collecting documents and conducting interviews with Goffman’s relatives, colleagues, and friends. The archival work turned up documents which improve our understanding of Goffman the scholar, the teacher, and the man. The approach adopted in this investigation sheds new light on Goffman’s scholarship which has had an enormous and continuous impact across the social sciences and humanities.
650 _aSocial Sciences
650 _aSociology & Social Policy
_9751599
650 _aPolitical Sociology
942 _2CC
_n0
_cTB
_hYxN22:g R5
999 _c1308269
_d1308269